000 00918nam a2200265 i 4500
001 bg
003 BPK
005 20200630132816.0
008 040915s1975 pl a f f |000 0 pol
015 _aPB 1975/5533
040 _cBPK
080 _a624.01/.07:531
080 _a(075.8+076)
100 1 _aCywiński, Zbigniew
_d(1929- )
_eAutor
245 1 0 _aMechanika budowli w zadaniach.
_nT. 1,
_pUkłady statycznie wyznaczalne /
_cZbigniew Cywiński.
246 3 0 _aUkłady statycznie wyznaczalne
250 _aWyd. 2.
260 _aPoznań :
_bPańst. Wydaw. Naukowe,
_c1975.
300 _a302 s. :
_bil., tab., wykr. ;
_c24 cm.
655 4 _aĆwiczenia i zadania dla szkół wyższych
650 4 _aMechanika budowli
710 2 _aPaństwowe Wydawnictwo Naukowe
_4pbl.
856 _uhttp://koha.tu.koszalin.pl/cgi-bin/koha/opac-detail.pl?biblionumber=5247
_yKatalog online BPK
942 _2UKD
_cKS
999 _c5247
_d5247